00585nam a2200193Ia 4500008004100000082001000041100002400051245001700075260001800092300000800110501003200118600001200150630001700162700001200179730001700191942000900208999001700217952015700234090122s9999 xx 000 0 und d b12763 aOctopusbIndiacPub aTell me Why? bOctopusc2004 a207 a"Rohit Book Centre, Kalyan" aOctopus aTell me Why? aOctopus aTell me Why? cBOOK c36840d36840 00104070aDOMGRANTHbDOMGRANTHd2009-01-22e"Rohit Book Centre, Kalyan"g250.00l0o12763pDOM-12763r2009-01-22 00:00:00t1v250.00w2009-01-22yBOOK